000 01273cam a2200361 i 4500
001 18222552
003 ARRUPE
005 20240216104113.0
008 140626s2014 enkab b 000 0aeng
010 _a 2014431245
020 _a9780241004012 (hbk.)
020 _a0241004012 (hbk.)
020 _a9780241014943
020 _a0241014948
040 _aDLC
_beng
_erda
_cDLC
042 _apcc
043 _af-sa---
050 0 0 _aDT1972.L34
_bA3 2014
100 1 _aLa Grange, Zelda,
_eauthor.
_952481
245 1 0 _aGood morning, Mr Mandela /
_cZelda la Grange.
260 _aEngland
_bAllen Lane
_c2014
300 _axv, 369 pages :
_billustrations (some color), map ;
_c24 cm
504 _aIncludes bibliographical references.
600 1 0 _aLa Grange, Zelda
_xFriends and associates.
_952482
600 1 0 _aLa Grange, Zelda
_xPolitical and social views.
_952483
600 1 0 _aMandela, Nelson,
_d1918-2013.
_913583
600 1 0 _aMandela, Nelson,
_d1918-2013
_xFriends and associates.
_952484
651 0 _aSouth Africa
_xPolitics and government
_y1994-
651 0 _aSouth Africa
_xSocial conditions
_y1994-
_931450
906 _a7
_bcbc
_corigres
_d3
_encip
_f20
_gy-gencatlg
942 _2lcc
_cMONOGRAPH
999 _c131810
_d131810